00267 a2200133 4500260001100000245004300011300001000054260000800064260000900072300000900081130000800090100001700098020001800115 bUNICEF aThe State of the world's children 1992 a100p. aUSA c1992 bill. lEn. aGRANT, James a0-19-262228-5